003650000a2200169000450000500170000010000170001724500250003426000350005930000100009404000080010465000150011265000090012765000120013665000120014865000170016065000180017720120302062220.0 a Taimni,I.K. a The Science of Yoga aMadras:Theosophical Pub.,1974. a448p. aENG aPhilosophy aYoga aSamadhi aSadhana aVibhuti Pada aKaivalya Pada